Il tempo degli amori perfetti /

Saved in:
Bibliografiske detaljer
Hovedforfatter: Rebelo, Tiago (Author)
Andre forfattere: Quadrio, Luca, Buffa, Cinzia
Format: Bog
Sprog:italiensk
Udgivet: Milano : BEAT, [2012]
Serier:Biblioteca editori associati di tascabili ; 75
Tags: Tilføj Tag
Ingen Tags, Vær først til at tagge denne postø!

MARC

LEADER 00000nam a22000007i 4500
001 IT\ICCU\TO0\1866362
003 ItRI
005 20251125192012.0
008 130116s2012 it |||||| ||||| |||||c
020 |a 9788865591178 
040 |b ita  |c Arcigay Viterbo 
041 7 |a ita  |2 ISO-639-2 
100 1 |a Rebelo, Tiago  |0 IT\ICCU\LO1V\339195  |4 aut 
240 1 2 |a O tempo dos amores perfeitos.  |9 Rebelo, Tiago 
245 1 3 |a Il tempo degli amori perfetti /  |c Tiago Rebelo ; traduzione di Cinzia Buffa e Luca Quadrio. 
260 |a Milano :  |b BEAT,  |c [2012] 
300 |a 466 p. ;  |c 20 cm 
700 1 |a Quadrio, Luca  |0 IT\ICCU\TO0V\598038 
700 1 |a Buffa, Cinzia  |0 IT\ICCU\UBOV\031028 
830 0 |a Biblioteca editori associati di tascabili ;  |v 75  |0 IT\ICCU\UBO\3810609 
942 |2 ddc  |c BK  |n 0 
952 |0 0  |1 0  |2 ddc  |4 0  |6 860_000000000000000_REB_TEM  |7 0  |9 9994  |a VT  |b VT  |d 2025-11-25  |e Dono di Ennio Piccirilli  |i B525  |l 0  |o 860 REB TEM  |p B525  |r 2025-11-25 19:23:40  |w 2025-11-25  |y BK  |z Dono di Ennio Piccirilli 
981 1 |6 z01  |a i   |b xxxe  
982 1 |6 z01  |a n 
999 |c 8336  |d 8336